Arm's Length Principle in Transfer Pricing
Definícia transferového oceňovania. Právny základ transferového oceňovania vo vnútroštátnych a medzinárodných predpisoch. Aplikácia princípov transferového oceňovania.
Enregistré dans:
| Auteur principal: | |
|---|---|
| Autres auteurs: | , , |
| Format: | Chapitre de livre |
| Langue: | anglais |
| Sujets: | |
| Tags: |
Pas de tags, Soyez le premier à ajouter un tag!
|
MARC
| LEADER | 00000naa$a2200000$$$4500 | ||
|---|---|---|---|
| 001 | 0250986 | ||
| 005 | 20240502074026.2 | ||
| 041 | 0 | |a eng | |
| 044 | |a SK | ||
| 245 | 1 | 0 | |a Arm's Length Principle in Transfer Pricing |c Tatiana Hájniková, Anna Harumová, Branislav Kováč, Darina Móžiová |
| 520 | |a Definícia transferového oceňovania. Právny základ transferového oceňovania vo vnútroštátnych a medzinárodných predpisoch. Aplikácia princípov transferového oceňovania. | ||
| 610 | 2 | 0 | |a dane |
| 610 | 2 | 0 | |a zisk |
| 610 | 2 | 0 | |a oceňovanie transferové |
| 610 | 2 | 0 | |a zákony |
| 100 | 1 | |a Hajniková, Tatiana | |
| 700 | 1 | |a Harumová, Anna, 1955- | |
| 700 | 1 | |a Kováč, Branislav, 1976- | |
| 700 | 1 | |a Móžiová, Darina, 1985- | |